| 000 | 01972nam a2200337 i 4500 | ||
|---|---|---|---|
| 001 | 000017097 | ||
| 003 | DO-SdBNP | ||
| 005 | 20250306141955.0 | ||
| 007 | ta | ||
| 008 | 100317s1969 dr ab r 000 0 spa d | ||
| 040 |
_aDO-SdBNP _bspa _cBNPHU _erda |
||
| 082 |
_a460.07 _bD542L, 1969 _222 |
||
| 100 | 1 |
_aDíaz Castillo, Bienvenido _922529 |
|
| 245 | 1 | 0 |
_aLengua española 0-11 : _bteoría y práctica / _cBienvenido Díaz Castillo. |
| 260 | _c1979. | ||
| 264 |
_aSanto Domingo : _bLibreria Dominicana, _c1969 |
||
| 300 |
_a259 paginas. ; _c22 cm. |
||
| 336 |
_2rdacontent _atexto _btxt |
||
| 337 |
_2rdamedia _asin mediación _bn |
||
| 338 |
_2rdacarrier _avolumen _bnc |
||
| 490 | 1 | _aPublicaciones del Economato Universitario | |
| 500 | _aIncluye datos biográficos del autor en la contracubierta. | ||
| 504 | _aBibliografía : p. 257-259. | ||
| 505 | _aExpresión oral y escrita 7 -- Breve historia del idioma español 9 -- Difusión del idioma español 14 -- Mapas sobre la difusión del idioma español 16 -- Idiomas modernos 20 -- El Español en Santo Domingo 25 -- Teoría y práctica de la ortografía dudosa 35 -- La frase 73 -- El sujeto 75 -- Orden sintáctico de la frase 83 -- La sintaxis 96 -- Sintaxis figurada 98 -- Los solecismos 108 -- Contorno del vocablo 115 -- Colocación del adjetivo 129 -- Lugar del verbo en la frase 132 -- El gerundio 141 -- La preposición 151 -- La conjunción 155 -- Etimología 157 -- La palabra. Sus clases 179 -- La sinonimia 191 -- Los barbarismos 199 -- Vocablos impropios 211 -- Los arcaísmos 215 -- Normas de redacción para la frase compuesta 221 -- El párrafo 237 -- Modelos de fichas para análisis literario 253 | ||
| 590 | _aInventariado, 2023/DG | ||
| 650 | 4 |
_aEspañol _xEnseñanza _9406 |
|
| 710 | 1 |
_aUniversidad Autónoma de Santo Domingo _bFacultad de Humanidades. _bDepartamento de Letras _972951 |
|
| 830 | 0 |
_aPublicaciones del Economato Universitario _936818 |
|
| 910 | _aDG | ||
| 942 |
_2ddc _cLBS1 |
||
| 999 |
_c54672 _d54672 |
||